उदयबीर शास्त्री ग्रन्थावली / (Record no. 122121)

MARC details
000 -LEADER
fixed length control field 01512nam a22002297a 4500
010 ## - LIBRARY OF CONGRESS CONTROL NUMBER
LC control number A-590643
020 ## - INTERNATIONAL STANDARD BOOK NUMBER
Terms of availability 150.00
035 ## - SYSTEM CONTROL NUMBER
System control number A-590643
037 ## - SOURCE OF ACQUISITION
Source of stock number/acquisition Cen Lib / Ret
040 ## - CATALOGING SOURCE
Original cataloging agency DPL
Language of cataloging HN
082 ## - DEWEY DECIMAL CLASSIFICATION NUMBER
Classification number 181.42
Item number उदय
100 ## - MAIN ENTRY--PERSONAL NAME
Personal name उदयवीर शास्त्री
245 ## - TITLE STATEMENT
Title उदयबीर शास्त्री ग्रन्थावली /
Statement of responsibility, etc उदयवीर शास्त्री
246 ## - VARYING FORM OF TITLE
Title proper/short title Udaybeer Shastri granthawali /
Remainder of title Udaybeer Shastri
260 ## - PUBLICATION, DISTRIBUTION, ETC. (IMPRINT)
Place of publication, distribution, etc दिल्ली
Name of publisher, distributor, etc गोबिन्दराम हसानन्द
Date of publication, distribution, etc 1991
270 ## - ADDRESS
Address 4408, नई सड़क दिल्ली
City 110006
300 ## - PHYSICAL DESCRIPTION
Extent 11 v ; v.1. 575 ; v 2. v 3. 351 ; v 4. ; v 5. 1006 ; v 6. 766 ; v 7. 704 ; v 8. 533 ; v 9. 671. v 10. 463 ; v 11. 505
Other physical details 24cm(Hb)
505 ## - FORMATTED CONTENTS NOTE
Formatted contents note V 1. न्यायदर्शन भाष्य ; v 2. वैशेषिकदर्शन भाष्य ; v 3. सांख्यदर्शन भाष्य ; v 4. योगदर्शन भाष्य ; v 5. मीमांसादर्शन भाष्य ; v 6. ब्रहसूत्र-विधोदय भाष्यम् ; v 7. सांख्यदर्शन का इतिहास ; v 8 सांख्यसिद्धान्त ; v 9. प्राचीन सांख्य-सन्दर्भ ; v 11 वीर तरंगणी.
650 ## - SUBJECT ADDED ENTRY--TOPICAL TERM
Topical term or geographic name as entry element Philosophy
650 ## - SUBJECT ADDED ENTRY--TOPICAL TERM
Topical term or geographic name as entry element Hindu religions
942 ## - ADDED ENTRY ELEMENTS (KOHA)
Source of classification or shelving scheme Dewey Decimal Classification
Koha item type Hindi Books
Classification part 181
Call number suffix उदय
Holdings
Withdrawn status Lost status Materials specified (bound volume or other part) Damaged status Not for loan Collection code Home library Current library Date acquired Source of acquisition Cost, normal purchase price Total Checkouts Full call number Barcode Date last seen Cost, replacement price Price effective from Koha item type
    v 10   Not For Loan Reference Central Library Central Library 02/03/2016 Cen Lib/Ret 200.00   181.42 उदय A-590649 02/03/2016 200.00 02/03/2016 Hindi Books
    v 3   Not For Loan Reference Central Library Central Library 02/03/2016 Cen Lib/Ret 100.00   181.42 उदय A-590652 02/03/2016 100.00 02/03/2016 Hindi Books
    v 11   Not For Loan Reference Central Library Central Library 02/03/2016 Cen Lib/Ret 250.00   181.42 उदय A-590648 02/03/2016 250.00 02/03/2016 Hindi Books
    v 7   Not For Loan Reference Central Library Central Library 02/03/2016 Cen Lib/Ret     181.42 उदय A-590651 02/03/2016 250.00 02/03/2016 Hindi Books
    v 5   Not For Loan Reference Central Library Central Library 02/03/2016 Cen Lib/Ret 350.00   181.42 उदय A-590646 02/03/2016 350.00 02/03/2016 Hindi Books
    v 8   Not For Loan Reference Central Library Central Library 02/03/2016 Cen Lib/Ret 200.00   181.42 उदय A-590653 02/03/2016 200.00 02/03/2016 Hindi Books
    v 1   Not For Loan Reference Central Library Central Library 02/03/2016 Cen Lib/Ret 150.00   181.42 उदय A-590643 02/03/2016 150.00 02/03/2016 Hindi Books
    v.2   Not For Loan Reference Central Library Central Library 09/03/2016 Cen Lib/Ret 125.00   181.42 उदय A-590650 09/03/2016 125.00 09/03/2016 Hindi Books
    v.6   Not For Loan Reference Central Library Central Library 09/03/2016 Cen Lib/Ret 170.00   181.42 उदय A-590645 09/03/2016 170.00 09/03/2016 Hindi Books
    v.9   Not For Loan Reference Central Library Central Library 09/03/2016 Cen Lib/Ret 100.00   181.42 उदय A-590644 09/03/2016 100.00 09/03/2016 Hindi Books

© Delhi Public Library
Hit Counter
free hit counter